Top 10 Città più popolose Provincia di Potenza - Statistics

Statistiche generali
  • Questo quiz è stato fatto 15 volte
  • Il punteggio medio è 5 su 10
Statistiche sulle risposte
Popolazione (ab.) Città % Corretto
67 289 Potenza
100%
17 711 Melfi
92%
13 002 Lauria
62%
11 671 Avigliano
54%
7 342 Tito
54%
11 946 Venosa
46%
6 823 Pignola
38%
13 303 Rionero in Vulture
31%
7 139 Senise
31%
13 692 Lavello
23%
Nessun quiz corrispondente trovato
Distribuzione punteggi
Percentuale di utenti per punteggio
Percentile per numero di risposta
I tuoi punteggi nel tempo
Non hai fatto questo quiz